| 000 | 00864nam a2200265Ia 4500 | ||
|---|---|---|---|
| 003 | OSt | ||
| 005 | 20220927115032.0 | ||
| 006 | a|||||r|||| 00| 0 | ||
| 007 | ta | ||
| 008 | 220926b |||||||| |||| 00| 0 eng d | ||
| 024 | _a107833 | ||
| 037 | _cThesis and Dissertations | ||
| 040 |
_aRTL _cRTL _beng |
||
| 041 |
_2eng _aeng |
||
| 082 | _a"Y72.255.Ma.31B.N6, L0 Th" | ||
| 100 |
_aAurora Gurdip Singh _9390125 |
||
| 245 | 0 | _aSome aspects of folk-urban relations in Alirajpur | |
| 260 |
_aDelhi _bUniversity of Delhi _c1970 |
||
| 300 |
_a515p _ccm. |
||
| 490 | _a"University of Delhi, Sociology (Deptt-of) Thesis" | ||
| 500 | _aBibiliogrphay P: 492-96; Appendix P: 498-515 | ||
| 650 | _aTribes | ||
| 942 |
_h"Y72.255.Ma.31B.N6, L0 Th" _cCC |
||
| 999 |
_c705481 _d705481 |
||